01075nam a2200205 a 450000100090000000800410000901000150005002000180006502000260008305000230010910000200013224500340015226000390018630000120022535000100023752004650024765000210071285600680073385600680080116296845161007s2010 ||||||||||||||||| || u a2010026347 a9781444704457 a9781439158975 (ebook) aPS 3554.E1755 E34  aDeaver, Jeffery10aEdge: a novelcJeffery Deaver aLondonbHodder and Stoughtonc2010 a397 p.  a37.28 aWhen Washington D.C. police detective Ryan Kessler is targeted by "lifter" Henry Loving, he and his family are immediately put under government protection. Assigned to the Kesslers is protection officer Corte: uncompromising, relentlessly devoted to protecting those in his care and a brilliant game strategist. As the "lifter" closes in on his prey, Corte must decide whether to protect his charges, or expose them to a killer in the name of personal revenge. aENGLISH LANGUAGE uhttp://www.loc.gov/catdir/enhancements/fy1013/2010026347-b.html uhttp://www.loc.gov/catdir/enhancements/fy1013/2010026347-d.html